Normal view
MARC view
Entry Personal Name
001 - CONTROL NUMBER
- control field: 1239031
003 - CONTROL NUMBER IDENTIFIER
- control field: OSt
005 - DATE AND TIME OF LATEST TRANSACTION
- control field: 20260511163115.0
008 - FIXED-LENGTH DATA ELEMENTS
- fixed length control field: 260511|| aca||aabn | a|a d
040 ## - CATALOGING SOURCE
- Original cataloging agency: OSt
- Transcribing agency: OSt
100 ## - HEADING--PERSONAL NAME
- Personal name: Kershaw, Ian
670 ## - SOURCE DATA FOUND
- Source citation: Work cat.: (OSt)105653: Kershaw, Ian, Popular opinion and political dissent in the third reich: , 1983.
